000 01295nam a22002297a 4500
001 6189
003 FISKH
005 20250325110710.0
008 250325b cb ||||| |||| 00| 0 eng d
020 _a9783442365517
040 _aFISKH
_bdut
_cFISKH
_dFISKH
050 _aPS3563.A7246 S43
082 _a 813.54
245 _aSüsses geheimnis :
_bRoman /
_cKat Martin ; Deutsch von Dinka Mrkowatschki
260 _aMünchen :
_bRandom House,
_c2006.
300 _a413 pages :
_c19 cm
520 _aFantasy. Fiction. Romance. Thriller. A new beginning was her only wish.... Chance McLain: wildly good-looking, superbly confident, he's everything Kat Rollins doesn't want when she lands in Lost Peak, Montana. "Multi-talented author Kat Martin continues to make a name for herself by producing irresistible novels that blend the eerie and unexplainable with her own uniquely sensual and exciting style." RT Book Reviews Kate may be determined to resist him, but Chance can't ignore the desire he feels for her on the suspicion that somebody wants her to leave Lost Peak. And the promise of a future together is tangled with the ghosts of her past....
650 _aRomantic Suspense
_xParanormal Series I
_vRomance
650 _aMontana
_vSuspense
942 _2ddc
_cBK
_n0
999 _c6189
_d6189